Торговый кодекс (Запись № 855908)

Подробности
000 -МАРКЕР
контрольное поле 01669nam1a2200313 i 4500
001 - ИДЕНТИФИКАТОР ЗАПИСИ
контрольное поле RU\NLR\bibl\152196
005 - ИДЕНТИФИКАТОР ВЕРСИИ
контрольное поле 20260407063609.0
035 ## - ДРУГИЕ СИСТЕМНЫЕ НОМЕРА
Идентификатор записи (NLR Aleph) 000149202
100 ## - ДАННЫЕ ОБЩЕЙ ОБРАБОТКИ
Данные общей обработки 20010427g19 9999u d0rusy50 ca
101 0# - ЯЗЫК РЕСУРСА
Язык текста, звукозаписи и т.д. русский
102 ## - СТРАНА ПУБЛИКАЦИИ ИЛИ ПРОИЗВОДСТВА
Страна публикации Российская Федерация
105 ## - ПОЛЕ КОДИРОВАННЫХ ДАННЫХ: ТЕКСТОВЫЕ МАТЕРИАЛЫ, МОНОГРАФИЧЕСКИЕ
Кодированные данные о монографическом текстовом документе y |||||||||
200 1# - ЗАГЛАВИЕ И СВЕДЕНИЯ ОБ ОТВЕТСТВЕННОСТИ
Основное заглавие Торговый кодекс
Сведения, относящиеся к заглавию Сб. нормат. документов, регламентирующих деятельность субъектов потреб. рынка г. Ниж. Тагил
Первые сведения об ответственности Ком. по развитию потреб. рынка Администрации г. Ниж. Тагил, Фонд развития предпринимательства АМБ
210 ## - ПУБЛИКАЦИЯ, РАСПРОСТРАНЕНИЕ И ДР.
Место издания, распространения и т.д. Екатеринбург
Имя издателя, распространителя и т. д. Изд-во АМБ
Дата издания, распространения и т.д. 2000
215 ## - ФИЗИЧЕСКАЯ ХАРАКТЕРИСТИКА
Размеры 20
225 1# - СЕРИЯ
Основное заглавие серии Торговля
300 ## - ОБЩИЕ ПРИМЕЧАНИЯ
Текст примечания Загл. обл.: Торговый кодекс Нижнего Тагила
463 #0 - УРОВЕНЬ ФИЗИЧЕСКОЙ ЕДИНИЦЫ
Встроенное поле 001148841
512 1# - ЗАГЛАВИЕ ОБЛОЖКИ
Заглавие обложки Торговый кодекс Нижнего Тагила
606 0# - НАИМЕНОВАНИЕ ТЕМЫ КАК ПРЕДМЕТ
Наименование темы Торговля
Формальный подзаголовок Законы, постановления и т.п.
Географический подзаголовок Нижний Тагил, г.
Системный номер авторитетной/нормативной записи 2202884
Идентификатор авторитетной/нормативной записи RU\NLR\auth\661323672
606 0# - НАИМЕНОВАНИЕ ТЕМЫ КАК ПРЕДМЕТ
Наименование темы Торговля
Формальный подзаголовок Законодательные материалы
Географический подзаголовок Нижний Тагил, г.
Системный номер авторитетной/нормативной записи 2202884
Идентификатор авторитетной/нормативной записи RU\NLR\auth\661323672
686 ## - ИНДЕКСЫ ДРУГИХ КЛАССИФИКАЦИЙ
Индекс Х621.147.04-329(2Р-4Св-2НТ)
712 02 - НАИМЕНОВАНИЕ ОРГАНИЗАЦИИ - ВТОРИЧНАЯ ОТВЕТСТВЕННОСТЬ
Код отношения Прочие
Начальный элемент ввода Нижне-Тагильский городской комитет по развитию потребительского рынка
Системный номер авторитетной/нормативной записи 560554
Идентификатор авторитетной/нормативной записи RU\NLR\AUTH\8810030951
801 #0 - ИСТОЧНИК ЗАПИСИ
Страна Российская Федерация
Организация NLR
Дата составления 20010427
Правила каталогизации PSBO
801 #1 - ИСТОЧНИК ЗАПИСИ
Страна Российская Федерация
Организация NLR
Дата составления 20010427
852 ## - МЕСТОНАХОЖДЕНИЕ И ШИФР ХРАНЕНИЯ
Идентификатор организации NLR
Шифр хранения (Call Number) 2001-3/3608
942 ## - ДОПОЛНИТЕЛЬНЫЕ ЭЛЕМЕНТЫ ЗАПИСИ (АБИС)
Тип экземпляра АБИС Книга

Нет доступных экземпляров.